000 00457nam a22001577a 4500
005 20240805092306.0
008 240805b |||||||| |||| 00| 0 eng d
041 _aEnglish
082 _a349 SOU
100 _lEnglish
245 _aSouth African Law Reports: Natal
260 _aPietermaritzburg:
_bThe Natal Witness Ltd,
_c1936
300 _bxlvi, 705 pages;
_c25 cm.
650 _aLegal practice
_bLaw
942 _cBK
_6ALISON_BN_VRIES
999 _c2430
_d2430